[Event "IRI-ch U18 Girls"]
[Site "Chess.com INT"]
[Date "2021.01.16"]
[Round "8"]
[White "Goudarzi, Navisa"]
[Black "Karimi, Yalda"]
[Result "1-0"]
[WhiteElo "1417"]
[BlackElo "1043"]
[PlyCount "113"]
[EventDate "2021.01.16"]
[EventType "swiss"]
[EventRounds "9"]
[EventCountry "IRI"]
[SourceTitle "CBM 200 Extra"]
[Source "ChessBase"]
[SourceDate "2021.03.31"]
[SourceVersion "1"]
[SourceVersionDate "2021.03.31"]
[SourceQuality "1"]

1. e4 e5 2. Nf3 Nc6 3. d4 exd4 4. Nxd4 Nxd4 5. Qxd4 Nf6 6. e5 Qe7 7. Be2 Ng8 8. Bd2 d6 9. exd6 Qxd6 10. Qe4+ Be7 11. Bf4 Qb4+ 12. Nd2 Qxb2 13. Be5 Qb6 14. Bd4 Qh6 15. Bc5 Qe6 16. Bd4 Nf6 17. Qxe6 Bxe6 18. Bf3 c6 19. Rb1 Nd5 20. Rxb7 f6 21. 0-0 Kf7 22. Re1 Rhe8 23. Nc4 Rad8 24. Bc5 Rd7 25. Nd6+ Bxd6 26. Rxd7+ Bxd7 27. Rxe8 Bxe8 28. Bxd6 a5 29. Kf1 Nc3 30. a3 Nb5 31. Bc5 Ke6 32. Ke2 Nc3+ 33. Kd3 Nd5 34. g3 g5 35. Kd4 Nc7 36. c4 a4 37. Kc3 Na6 38. Bb4 Ke5 39. Be7 Ke6 40. Bb4 f5 41. Kd4 c5+ 42. Bxc5 g4 43. Bd5+ Kf6 44. Bd6 h6 45. Bb7 Ke6 46. c5 Bb5 47. Bf4 h5 48. Bxa6 Bxa6 49. c6 Ke7 50. Kc5 Kd8 51. Kb6 Bc8 52. Kb5 Ke7 53. Kxa4 Ke6 54. Kb5 Kd5 55. a4 Ke4 56. a5 Kf3 57. a6 1-0

[Event "IRI-ch U18 Girls"]
[Site "Chess.com INT"]
[Date "2021.01.16"]
[Round "6"]
[White "Goudarzi, Navisa"]
[Black "Zahedifar, Anahita"]
[Result "0-1"]
[WhiteElo "1417"]
[BlackElo "2213"]
[PlyCount "56"]
[EventDate "2021.01.16"]
[EventType "swiss"]
[EventRounds "9"]
[EventCountry "IRI"]
[SourceTitle "CBM 200 Extra"]
[Source "ChessBase"]
[SourceDate "2021.03.31"]
[SourceVersion "1"]
[SourceVersionDate "2021.03.31"]
[SourceQuality "1"]

1. e4 c6 2. d4 d5 3. e5 Bf5 4. f4 e6 5. Nf3 Qb6 6. Be2 c5 7. c3 Nc6 8. 0-0 cxd4 9. cxd4 Nge7 10. Na3 a6 11. Nc2 Bxc2 12. Qxc2 Nf5 13. Kh1 Nfxd4 14. Nxd4 Qxd4 15. Bd2 Bb4 16. Rad1 Bxd2 17. Rxd2 Qb6 18. Qc3 0-0 19. f5 d4 20. Qg3 exf5 21. Rxf5 Ne7 22. Rg5 Ng6 23. Bc4 Rac8 24. b3 Rxc4 25. h4 Rc3 26. Qg4 h6 27. Rf5 Qe6 28. Qe4 Re3 0-1